[Event "AUTO-MASTER-3296"]
[Site "http://www.queenalice.com/game.php?id=1869263"]
[Date "2026.2.15"]
[Round "1"]
[White "JailtonMaster"]
[Black "cerenzo72"]
[Result "1-0"]
[WhiteElo "2204"]
[BlackElo "2154"]

1. d4 Nf6 2. c4 e6 3. Nc3 c5 4. Bg5 cxd4 5. Qxd4 Nc6 6. Qd2 Bb4 7. Nf3 d5 8.
cxd5 exd5 9. O-O-O Qd6 10. Bxf6 Qxf6 11. e3 O-O 12. Bb5 Bg4 13. Be2 Rac8 14. Kb1
a5 15. Nxd5 Qf5+ 16. Qd3 Qxd3+ 17. Rxd3 Bf5 18. Nxb4 Nxb4 19. Rd1 Bxd3+ 20. Bxd3
Nxd3 21. Rxd3 Rc7 22. Nd4 Rfc8 23. Rd1 g6 24. f4 Rd8 25. g4 Re7 26. Rd3 Rde8 27.
Nc2 Kg7 28. h4 f6 29. Kc1 h5 30. gxh5 gxh5 31. Nd4 Kg6 32. f5+ Kh6 33. Ne6 Rc8+
34. Kd2 Rc4 35. Rd4 Rxd4+ 36. exd4 Rd7 37. Kc3 b5 38. Kd3 Rd6 39. Ke4 Kh7 40. d5
Kg8 41. Kd4 Rd7 42. Kc5 b4 43. Kc6 Ra7 44. d6 Ra6+ 45. Kd7 a4 46. Ke7 1-0

[Event "AUTO-OPEN-4639"]
[Site "http://www.queenalice.com/game.php?id=1869393"]
[Date "2026.2.18"]
[Round "1"]
[White "Carlos19"]
[Black "JailtonMaster"]
[Result "0-1"]
[WhiteElo "1814"]
[BlackElo "2216"]

1. e4 e5 2. Nf3 Nc6 3. Bc4 Nf6 4. d3 d6 5. Ng5 d5 6. exd5 Na5 7. b3 Nxc4 8. dxc4
Bc5 9. O-O O-O 10. Nc3 h6 11. Nge4 Bf5 12. Nxc5 b6 13. Nd3 Re8 14. Re1 Rc8 15.
Rxe5 Rxe5 16. Nxe5 Qe7 17. g4 Qxe5 18. Bd2 Nxg4 19. f4 Qd4+ 20. Kh1 Qf2 21. Qg1
Qxd2 22. Rc1 Nf2+ 23. Kg2 Nh3+ 24. Kf1 Qxc1+ 25. Kg2 Qxg1+ 0-1

[Event "AUTO-OPEN-4639"]
[Site "http://www.queenalice.com/game.php?id=1869394"]
[Date "2026.2.18"]
[Round "1"]
[White "JailtonMaster"]
[Black "Carlos19"]
[Result "0-1"]
[WhiteElo "2241"]
[BlackElo "1788"]

1. d4 e6 2. c4 c5 3. d5 e5 4. Nc3 Nf6 5. e4 Qa5 6. Bd3 Na6 7. Ne2 Nb4 8. Bb1 d6
9. O-O Bg4 10. f3 Bd7 11. a3 Na6 12. Bg5 Be7 13. Ng3 h6 14. Bh4 g5 15. Nf5 gxh4
16. Nxe7 Kxe7 17. Qe1 Qb6 18. f4 Qxb2 19. fxe5 Qxa1 20. Qxh4 Qxc3 21. Qxf6+ Ke8
22. Qxh8+ Ke7 23. Rxf7+ Kxf7 24. e6+ Ke7 25. Qh7+ Kf6 26. Qf7+ Ke5 27. Qg7+ Kf4
28. Qg3+ Qxg3 0-1

[Event "AUTO-MASTER-3283"]
[Site "http://www.queenalice.com/game.php?id=1869455"]
[Date "2026.2.18"]
[Round "2"]
[White "JailtonMaster"]
[Black "cerenzo72"]
[Result "0-1"]
[WhiteElo "2229"]
[BlackElo "2180"]

1. d4 Nf6 2. c4 e6 3. Nc3 Bb4 4. Nf3 d5 5. Bg5 Nbd7 6. cxd5 exd5 7. a3 Bxc3+ 8.
bxc3 c5 9. Ne5 Qa5 10. Bd2 Ne4 11. Nxd7 Bxd7 12. dxc5 Qxc5 13. e3 Nxc3 14. Qc2
Rc8 15. Rc1 Ne4 16. Qb3 Nxd2 0-1

[Event "AUTO-MASTER-3283"]
[Site "http://www.queenalice.com/game.php?id=1869456"]
[Date "2026.2.18"]
[Round "2"]
[White "cerenzo72"]
[Black "JailtonMaster"]
[Result "1/2-1/2"]
[WhiteElo "2145"]
[BlackElo "2214"]

1. c4 Nf6 2. d4 d5 3. cxd5 Nxd5 4. e4 Nf6 5. e5 Nd5 6. Nc3 Nxc3 7. bxc3 c5 8. d5
e6 9. d6 g6 10. Nf3 Bg7 11. Bf4 O-O 12. Be2 Nc6 13. O-O f6 14. exf6 Bxf6 15. Qc2
Bxc3 16. Qxc3 Rxf4 17. Qxc5 Bd7 18. Qe3 Qf8 19. Rad1 Rd8 20. g3 Rf5 21. Ng5 Qf6
22. Ne4 Qf8 23. Bg4 Rd5 24. Qc3 Rxd1 25. Rxd1 e5 26. Bxd7 Rxd7 27. Rd3 Nd4 28.
Kg2 Qf5 29. f3 Kg7 30. Re3 Nxf3 31. Qd3 Nd4 32. h4 h6 33. a4 Qf7 34. Qc3 Qa2+
35. Kh3 Qxa4 36. Nc5 Qc6 37. Rxe5 Qh1+ 38. Kg4 Qd1+ 39. Kh3 Qh1+ 40. Kg4 Qd1+
1/2-1/2

[Event "AUTO-MASTER-3286"]
[Site "http://www.queenalice.com/game.php?id=1869725"]
[Date "2026.2.24"]
[Round "2"]
[White "JailtonMaster"]
[Black "cerenzo72"]
[Result "1-0"]
[WhiteElo "2195"]
[BlackElo "2103"]

1. d4 d5 2. c4 e6 3. Nc3 c5 4. e3 Nf6 5. Nf3 cxd4 6. Nxd4 Bb4 7. cxd5 Nxd5 8.
Qa4+ Bd7 9. Qb3 Nc6 10. Nxc6 Bxc6 11. Bd2 a5 12. e4 Nxc3 13. Bxc3 Bxc3+ 14. Qxc3
Qg5 15. f3 O-O 16. Rd1 Rac8 17. Qd2 Qf6 18. Be2 Rfd8 19. e5 Qe7 20. Qxa5 Rxd1+
21. Bxd1 Qd7 22. Qd2 Qc7 23. O-O Bd5 24. a3 g6 25. Qb4 Qxe5 26. Re1 Qc7 27. Qd4
Qc5 28. Qxc5 Rxc5 29. Kf2 Kg7 30. Re3 b5 31. Rc3 Rxc3 32. bxc3 f5 33. f4 Kf6 34.
g3 e5 35. Be2 Bc6 36. Ke3 e4 37. Kd4 Ke6 38. Kc5 Kd7 39. g4 fxg4 40. Bxg4+ Kc7
41. h4 h5 42. Bh3 e3 43. Bf1 Kd7 44. Kd4 Kd6 45. Kxe3 Kc5 46. Bd3 Bd5 47. Bxg6
Kc4 48. Kd2 Kb3 49. f5 Kxa3 50. f6 1-0